000 00492nam a2200169 i 4500
001 121694
003 ES-MaACL
005 20230906191813.0
007 t|
008 070214s1907 fr r ||||1| fre d
100 1 _aPlaut, Hermann.
_992611
245 1 0 _aGrammaire de la langue japonaise parlée /
_cpar Hermann Plaut.
260 _aParis :
_bJules Groos,
_c1907.
300 _aVIII, 392 p. ;
_c20 x 13 cm.
650 4 _aLengua japonesa-
_xGramática.
_9157640
852 _aES-MaACL
_jB-3045
999 _c121694
_d121694